000 00613nam a2200217Ii 4500
003 JO-AjNU
008 230605s9999||||xx |||||||||||||| ||und||
017 _a2006/11/2945
040 _aJO-AjNU
_bara
_erda
_cJO-AjNU
041 _aara
050 1 4 _aPJ7155.A28 2007
100 3 _aأبو مغلي، سميح,
_eauthor
_923943
245 0 0 _aنفحات قلم
250 _aط1
264 3 1 _aعمان: دار البداية، 2007
300 _a207ص
336 _atext
_btxt
_2rdacontent
337 _aunmediated
_bn
_2rdamedia
338 _avolume
_bnc
_2rdacarrier
650 4 _aالأدب العربي
_923944
999 _aA8741
_c12309
_d12309